01220nam a2200301 a 450000100100000000500170001000800410002702000150006804000250008308200190010810000160012724502140014326000410035730000200039849000190041849000290043750000600046650000730052650400300059965000430062965000550067270000230072770000360075071000390078671000450082583000190087083000290088900000482620240528191003.0090727s2002 dr 000 0 spa d a9993425168 aDO-SdBNPbspacBNPHU a361.763bC392c1 aCela, Jorge10aClasificación de las organizaciones de la sociedad civil (OSC) en la República Dominicana :bdescripción de sus características /cJorge Cela, Isabel Pedrazuela ; cuidado de edición Guadalupe Valdez. aSanto Domingo :bINTEC : BID,c2002. a60 p. ;c28 cm.1 aSociedad Civil1 aDocumentos de Trabajov1 aIncluye datos biográficos de los autores en la solapa aIncluye referencias bibliográficas y notas al pie de las páginas aBibliografías: p. 49-55 4aSociedad civilzRepública Dominicana 4aParticipación políticazRepública Dominicana1 aPedrazuela, Isabel1 aValdez, Guadalupe,ecuidado ed.2 aBanco Interamericano de Desarrollo2 aInstituto Tecnológico de Santo Domingo 0aSociedad Civil 0aDocumentos de Trabajon1